| 000 | 00618nam a2200253Ia 4500 | ||
|---|---|---|---|
| 008 | 181129s9999 xx 000 0 und d | ||
| 020 | _a9780439796644 | ||
| 050 | _bM871 1982 | ||
| 100 | _aMorpurgo, Michael | ||
| 245 | 0 | _aWar horse / | |
| 245 | 0 | _cby Michael Morpurgo. | |
| 260 | _aNew York, NY : | ||
| 260 | _bScholastic, | ||
| 260 | _c1982 | ||
| 300 | _a165 pages : | ||
| 300 | _billustrations ; | ||
| 300 | _c19cm. | ||
| 650 | _aHorse trainers. | ||
| 650 | _aHuman-animal relationship. | ||
| 650 | _aWar horse -- | ||
| 650 | _aWorld War (1914-1918). | ||
| 650 | _xEngland. | ||
| 700 | _aTitle. | ||
| 999 |
_c360269 _d360269 |
||